Town centre schemes dominate pipeline plans (Record no. 68655)
[ view plain ]
| 000 -LEADER | |
|---|---|
| fixed length control field | 00975cam a2200217 4500 |
| 001 - CONTROL NUMBER | |
| control field | WB3740-08 |
| 008 - FIXED-LENGTH DATA ELEMENTS--GENERAL INFORMATION | |
| fixed length control field | 011024n2001 000 0 eng u |
| 035 ## - SYSTEM CONTROL NUMBER | |
| System control number | (Sirsi) u115273 |
| 245 ## - TITLE STATEMENT | |
| Title | Town centre schemes dominate pipeline plans |
| 260 ## - PUBLICATION, DISTRIBUTION, ETC. | |
| Date of publication, distribution, etc. | 2001 |
| 490 ## - SERIES STATEMENT | |
| Series statement | Retail Week |
| Volume/sequential designation | 19 October 2001, 23(1) |
| 520 ## - SUMMARY, ETC. | |
| Summary, etc. | According to CB Hillier Parker's "Shopping Centres in the Pipeline" research, shopping centre development is on the increase. The total amount of shopping centre space proposed or under construction rose to 4.9m sq m at the end of 3Q 2001. This is the highest level of activity recorded since September 1993. The report also shows the decline of factory outlet development as the market reaches saturation. Table. |
| 590 ## - LOCAL NOTE (RLIN) | |
| Local note | WB |
| 650 ## - SUBJECT ADDED ENTRY--TOPICAL TERM | |
| Topical term or geographic name entry element | CB HILLIER PARKER |
| 650 ## - SUBJECT ADDED ENTRY--TOPICAL TERM | |
| Topical term or geographic name entry element | TOWN CENTRE DEVELOPMENT |
| 650 ## - SUBJECT ADDED ENTRY--TOPICAL TERM | |
| Topical term or geographic name entry element | FLOORSPACE |
| 650 ## - SUBJECT ADDED ENTRY--TOPICAL TERM | |
| Topical term or geographic name entry element | FACTORY OUTLETS |
| 650 ## - SUBJECT ADDED ENTRY--TOPICAL TERM | |
| Topical term or geographic name entry element | DEVELOPMENT |
| 690 ## - LOCAL SUBJECT ADDED ENTRY--TOPICAL TERM (OCLC, RLIN) | |
| Topical term or geographic name as entry element | BUILDING AND CONSTRUCTION-PROJECTS |
| 942 ## - ADDED ENTRY ELEMENTS (KOHA) | |
| Suppress in OPAC | 0 |
| Withdrawn status | Lost status | Source of classification or shelving scheme | Damaged status | Not for loan | Home library | Current library | Shelving location | Date acquired | Total Checkouts | Full call number | Barcode | Date last seen | Copy number | Price effective from | Koha item type |
|---|---|---|---|---|---|---|---|---|---|---|---|---|---|---|---|
| Dewey Decimal Classification | London | London | News article | 24/10/2001 | WB3740-08 | 115273-1001 | 06/08/2019 | 1 | 06/08/2019 | News article |